All languages you can learn on Duolingo - Statistics

General Stats
  • This quiz has been taken 229 times
  • The average score is 27 of 37
Answer Stats
Language % Correct
Spanish
99%
Chinese
97%
French
96%
Arabic
95%
German
94%
Japanese
94%
Russian
94%
Portuguese
93%
Italian
90%
Korean
90%
Swedish
90%
Dutch
89%
Greek
85%
Norwegian
85%
Polish
85%
Finnish
84%
Turkish
84%
Hindi
83%
Ukrainian
81%
Danish
79%
Hungarian
77%
Romanian
77%
Czech
75%
Irish
75%
Vietnamese
71%
Hebrew
69%
Indonesian
66%
Swahili
61%
Latin
57%
Welsh
50%
Esperanto
49%
Navajo
44%
Hawaiian
43%
Klingon
41%
Yiddish
38%
High Valyrian
29%
Scottish Gaelic
19%
No matching quizzes found
Score Distribution
Percent of People with Each Score
Percentile by Number Answered
Your Score History
You have not taken this quiz